Jubilantka Doc. Ing. Anna Kvietková, CSc.

Guardado en:
Detalles Bibliográficos
Autor principal: Máziková, Katarína
Formato: Capítulo de libro
Lenguaje:eslovaco
Etiquetas: Agregar Etiqueta
Sin Etiquetas, Sea el primero en etiquetar este registro!

MARC

LEADER 00000naa$a2200000$$$4500
001 0072073
005 20240502071844.3
041 0 |a slo 
044 |a SK 
245 1 0 |a Jubilantka Doc. Ing. Anna Kvietková, CSc.  |c Katarína Máziková 
100 1 |a Máziková, Katarína